| 000 | 00748nam a2200229 a 4500 | ||
|---|---|---|---|
| 001 | 000048486 | ||
| 005 | 20201002061205.0 | ||
| 008 | 190325s2009 000 spa d | ||
| 020 | _a9789945131260 | ||
| 040 |
_aDO-SdBNP _bspa _cBNPHU |
||
| 082 |
_axxx _bC581m |
||
| 245 | 0 | 0 |
_aCiudad mojada / _cAralís Rodríguez ...[et.al] ; prólogo Fausto Rasario Adames. |
| 260 |
_aSanto Domingo : _bEl faro, _c2009. |
||
| 300 |
_a234 p. : _bil., retrs. ; _c25 cm. |
||
| 590 | _aInventariado, 2019/VM | ||
| 700 | 1 |
_aRodríguez, Aralís _912040 |
|
| 700 | 1 |
_aMeyer Guerrero, Provy _975909 |
|
| 700 | 1 |
_aRoribio, Magali _975910 |
|
| 700 | 1 |
_aDíaz Guerra, Eduardo _96661 |
|
| 700 | 1 |
_aNamnúm, César _925170 |
|
| 700 | 1 |
_aRasario Adames Fausto _epról. _975911 |
|
| 999 |
_c47974 _d47974 |
||